Live and let die / (Record no. 5457)

MARC details
000 -LEADER
fixed length control field 01581nam a22002537a 4500
001 - CONTROL NUMBER
control field 5457
003 - CONTROL NUMBER IDENTIFIER
control field FISKH
005 - DATE AND TIME OF LATEST TRANSACTION
control field 20241209144037.0
008 - FIXED-LENGTH DATA ELEMENTS--GENERAL INFORMATION
fixed length control field 241209b cb ||||| |||| 00| 0 eng d
020 ## - INTERNATIONAL STANDARD BOOK NUMBER
International Standard Book Number 9789046112731
040 ## - CATALOGING SOURCE
Original cataloging agency FISKH
Language of cataloging eng
Transcribing agency FISKH
Modifying agency FISKH
050 ## - LIBRARY OF CONGRESS CALL NUMBER
Classification number PR6056.L4
082 ## - DEWEY DECIMAL CLASSIFICATION NUMBER
Classification number 823.914
100 ## - MAIN ENTRY--PERSONAL NAME
Personal name Fleming, Ian
Dates associated with a name (1908–1964)
245 ## - TITLE STATEMENT
Title Live and let die /
Statement of responsibility, etc. Ian Fleming
250 ## - EDITION STATEMENT
Edition statement 2007
260 ## - PUBLICATION, DISTRIBUTION, ETC.
Place of publication, distribution, etc. London :
Name of publisher, distributor, etc. Zwarte Beertjes,
Date of publication, distribution, etc. 2007.
300 ## - PHYSICAL DESCRIPTION
Extent 239 pages :
Dimensions 18 cm
520 ## - SUMMARY, ETC.
Summary, etc. Fiction. Thriller. HTML:<br/>When Agent 007 goes to Harlem, it's not just for the jazz. Harlem is the kingdom of Mr. Big, voodoo baron, black master of crime, and senior partner in SMERSH's grim company of death. As gold coins from a Jamaican pirate hoard start turning up in pawnshops in Harlem, M suspects the treasure is being used to finance SMERSH activity in America. Agent 007 is sent to New York to uncover Mr. Big's criminal operation.<br/><br/>Those Mr. Big cannot possess he crushes; those who cross him will meet painful ends, like his beautiful prisoner, Solitaire, and her lover, James Bond. Both are marked as victims in a trail of terror, treachery, and torture that leads from New York's black underworld to the shark-infested island in the sun that Mr. Big calls his own.<br/><br/>Bond realizes Big is one of the most dangerous men that he has ever faced, and no one, not even the mysterious Solitaire, can be sure how their battle of wills is going to end.
650 ## - SUBJECT ADDED ENTRY--TOPICAL TERM
Source of heading or term Adventure
Topical term or geographic name entry element Bond
650 ## - SUBJECT ADDED ENTRY--TOPICAL TERM
Source of heading or term Thriller
Topical term or geographic name entry element Fiction
942 ## - ADDED ENTRY ELEMENTS (KOHA)
Source of classification or shelving scheme Dewey Decimal Classification
Koha item type Books
Suppress in OPAC No
Holdings
Withdrawn status Lost status Source of classification or shelving scheme Damaged status Not for loan Collection Home library Current library Shelving location Date acquired Total Checkouts Full call number Barcode Date last seen Copy number Price effective from Koha item type
    Dewey Decimal Classification     Fiction Footprints International School Library Network Toul Kork Campus Footprints International School Library Network Toul Kork Campus A TK Campus, 4th Floor, Room B401, Fiction Bookcases (1-6) 12/09/2024   FLE 823.914 PR6056.L4 2024-2422 12/09/2024 1 12/09/2024 Books